000 00404 a2200157 4500
005 20250627034233.0
020 _a978-1-292-35314-2
082 _a658.45 BOV
100 _aBOVEE, L. C
245 _aBusiness Communication Today
250 _a15th Ed.
260 _aLondon
_bPearson Education Limited
_c2012.
300 _a704p.: ill.; pictures
_bIndex
_c27cm
700 _aJohn V. Thill
942 _2ddc
_cBKS
999 _c5472
_d5472